000 00271nam a2200097Ia 4500
001 1250820
005 20251031150903.0
008 251031s9999 xx 000 0 und d
245 0 _cESRA EZMECİ
_aH-5 DÜŞTÜĞÜNDE KALKARSIN HAYAT GÜZELDİR
260 _bDESTEK YAYINLARI
999 _c1250820
_d1250820